[Event "AUT-ch 2018"]
[Site "Vienna"]
[Date "2018.07.28"]
[Round "8"]
[White "Huber, Martin Christian"]
[Black "Diermair, Andreas"]
[Result "1/2-1/2"]
[WhiteElo "2374"]
[BlackElo "2508"]
[Annotator "ChessBase"]
[PlyCount "116"]
[EventDate "2018.07.22"]
[EventType "swiss"]
[EventCountry "AUT"]
[SourceTitle "playchess.com"]
[Source "ChessBase"]
[SourceQuality "1"]
[TimeControl "40/5400+30:1800+30"]

1. Nf3 {[%emt 0:00:00]} Nf6 {[%emt 0:00:13]} 2. c4 {[%emt 0:00:00]} b6 {[%emt 0:01:29]} 3. g3 {[%emt 0:03:24]} Bb7 {[%emt 0:00:05]} 4. Bg2 {[%emt 0:00:05]} e6 {[%emt 0:00:10]} 5. O-O {[%emt 0:01:11]} Be7 {[%emt 0:00:05]} 6. d4 {[%emt 0:00:41]} O-O {[%emt 0:00:07]} 7. d5 {[%emt 0:03:13]} exd5 {[%emt 0:00:11]} 8. Nh4 {[%emt 0:00:05]} c6 {[%emt 0:00:26]} 9. cxd5 {[%emt 0:00:15]} Nxd5 {[%emt 0:00:07]} 10. Nf5 {[%emt 0:00:03]} Nc7 {[%emt 0:00:47]} 11. e4 {[%emt 0:02:44]} d5 {[%emt 0:01:41]} 12. Nc3 {[%emt 0:03:30]} Bf6 {[%emt 0:01:49]} 13. exd5 {[%emt 0:01:44]} cxd5 {[%emt 0:05:29]} 14. Bf4 {[%emt 0:00:39]} Nba6 {[%emt 0:02:00]} 15. Nd6 {[%emt 0:11:29]} Bc6 {[%emt 0:00:27]} 16. Nxd5 {[%emt 0:02:08]} Bxd5 {[%emt 0:00:37]} 17. Bxd5 {[%emt 0:00:07]} Nxd5 {[%emt 0:00:18]} 18. Qxd5 {[%emt 0:00:06]} Bxb2 {[%emt 0:02:14]} 19. Rad1 {[%emt 0:01:16]} Nc5 {[%emt 0:00:58]} 20. Rfe1 {[%emt 0:08:17]} Qd7 {[%emt 0:18:33]} 21. h4 {[%emt 0:08:09]} Ne6 {[%emt 0:07:20]} 22. Be5 {[%emt 0:03:55]} Ba3 {[%emt 0:05:22]} 23. Qf3 {[%emt 0:12:32]} Bc5 {[%emt 0:05:32]} 24. Ne4 {[%emt 0:10:10]} Bd4 {[%emt 0:18:13]} 25. Nf6+ {[%emt 0:01:38]} gxf6 {[%emt 0:00:06]} 26. Qg4+ {[%emt 0:00:07]} Ng7 {[%emt 0:02:26]} 27. Qxd7 {[%emt 0:00:13]} fxe5 {[%emt 0:00:03]} 28. Kg2 {[%emt 0:02:28]} Rad8 {[%emt 0:03:16]} 29. Qb7 {[%emt 0:06:58]} Ne6 {[%emt 0:00:47]} 30. Re2 {[%emt 0:02:02]} a5 {[%emt 0:00:23]} 31. Rc2 {[%emt 0:07:15]} Bxf2 {[%emt 0:05:30]} 32. Rxd8 {[%emt 0:00:43]} Nxd8 {[%emt 0:00:01]} 33. Qe7 {[%emt 0:01:34]} Bd4 {[%emt 0:03:09]} 34. Qg5+ {[%emt 0:00:19]} Kh8 {[%emt 0:00:10]} 35. Qf6+ {[%emt 0:00:29]} Kg8 {[%emt 0:00:01]} 36. Rc8 {[%emt 0:03:45]} Ne6 {[%emt 0:00:19]} 37. Rxf8+ {[%emt 0:02:09]} Nxf8 {[%emt 0:00:02]} 38. Qg5+ {[%emt 0:00:21]} Kh8 {[%emt 0:00:05]} 39. Kf3 {[%emt 0:01:01]} Ne6 {[%emt 0:01:32]} 40. Qf6+ {[%emt 0:00:22]} Kg8 {[%emt 0:30:01]} 41. Ke4 {[%emt 0:31:16]} Nc5+ {[%emt 0:17:25]} 42. Kd5 {[%emt 0:01:25]} Ne6 {[%emt 0:00:50]} 43. Qf5 {[%emt 0:00:00]} Kg7 {[%emt 0:00:00]} 44. Kd6 {[%emt 0:00:00]} Kg8 {[%emt 0:00:00]} 45. Ke7 {[%emt 0:00:00]} Bc5+ {[%emt 0:00:00]} 46. Kd7 {[%emt 0:00:00]} Bd4 {[%emt 0:00:00]} 47. g4 {[%emt 0:00:00]} e4 {[%emt 0:00:00]} 48. g5 {[%emt 0:00:00]} e3 {[%emt 0:00:00]} 49. Qf3 {[%emt 0:00:00]} Bc5 {[%emt 0:00:00]} 50. Ke8 {[%emt 0:00:00]} Ng7+ {[%emt 0:00:00]} 51. Kd7 {[%emt 0:00:00]} Ne6 {[%emt 0:00:00]} 52. Qe4 {[%emt 0:01:28]} Bd4 {[%emt 0:00:00]} 53. Ke8 {[%emt 0:01:53]} Bc5 {[%emt 0:00:00]} 54. Qf3 {[%emt 0:01:12]} Ng7+ {[%emt 0:00:00]} 55. Kd7 {[%emt 0:00:06]} Ne6 {[%emt 0:00:00]} 56. Ke8 {[%emt 0:02:46]} Ng7+ {[%emt 0:00:00]} 57. Kd8 {[%emt 0:00:14]} Ne6+ {[%emt 0:00:00]} 58. Kd7 {[%emt 0:00:22]} Ng7 1/2-1/2

[Event "AUT-ch 2018"]
[Site "Vienna"]
[Date "2018.07.28"]
[Round "8"]
[White "Morgunov, Daniel"]
[Black "Schnider, Gert"]
[Result "0-1"]
[WhiteElo "2346"]
[BlackElo "2422"]
[Annotator "NA"]
[PlyCount "76"]
[EventDate "2018.07.22"]
[EventType "swiss"]
[EventCountry "AUT"]
[SourceTitle "playchess.com"]
[Source "ChessBase"]
[SourceQuality "1"]
[TimeControl "40/5400+30:1800+30"]

1. e4 {[%emt 0:00:00]} e6 {[%emt 0:00:04]} 2. d4 {[%emt 0:00:18]} d5 {[%emt 0:00:05]} 3. Nd2 {[%emt 0:00:04]} c5 {[%emt 0:00:03]} 4. exd5 {[%emt 0:00:07]} Qxd5 {[%emt 0:00:05]} 5. Ngf3 {[%emt 0:00:06]} cxd4 {[%emt 0:00:03]} 6. Bc4 {[%emt 0:00:11]} Qd6 {[%emt 0:00:06]} 7. O-O {[%emt 0:00:11]} Nf6 {[%emt 0:00:05]} 8. Nb3 {[%emt 0:00:11]} Nc6 {[%emt 0:00:04]} 9. Nbxd4 {[%emt 0:00:47]} Nxd4 {[%emt 0:00:09]} 10. Nxd4 {[%emt 0:07:22]} a6 {[%emt 0:00:05]} 11. a4 {[%emt 0:01:46]} Qc7 {[%emt 0:01:49]} 12. Qe2 {[%emt 0:04:19]} Bd6 {[%emt 0:01:29]} 13. h3 {[%emt 0:02:00]} O-O {[%emt 0:05:01]} 14. Rd1 {[%emt 0:02:38]} h6 {[%emt 0:06:39]} 15. b3 {[%emt 0:09:08]} e5 {[%emt 0:07:41]} 16. Nf3 {[%emt 0:00:34]} e4 {[%emt 0:00:06]} 17. Nd2 {[%emt 0:06:54]} Be5 {[%emt 0:00:45]} 18. Rb1 {[%emt 0:02:25]} Bf5 {[%emt 0:00:13]} 19. Nf1 {[%emt 0:00:50]} Rfe8 {[%emt 0:01:15]} 20. Ne3 {[%emt 0:00:51]} Be6 {[%emt 0:00:23]} 21. Bxe6 {[%emt 0:14:59]} Rxe6 {[%emt 0:00:10]} 22. c4 {[%emt 0:05:12]} Rae8 {[%emt 0:03:59]} 23. Ba3 {[%emt 0:07:45]} Bf4 {[%emt 0:04:23]} 24. Bb2 {[%emt 0:05:10]} Bxe3 {[%emt 0:00:38]} 25. Qxe3 {[%emt 0:00:33]} Nh5 {[%emt 0:03:36]} 26. Bc1 {[%emt 0:18:21]} f5 {[%emt 0:02:07]} 27. Rd5 {[%emt 0:00:12]} f4 {[%emt 0:11:42]} 28. Qe2 {[%emt 0:05:04]} f3 {[%emt 0:05:09]} 29. Qe3 {[%emt 0:01:13]} Rg6 {[%emt 0:04:10]} 30. g4 {[%emt 0:04:24]} Nf6 {[%emt 0:00:34]} 31. Rd4 {[%emt 0:00:44]} Qc8 {[%emt 0:04:04]} 32. Kf1 {[%emt 0:00:52]} h5 {[%emt 0:00:31]} 33. gxh5 {[%emt 0:00:44]} Rg1+ {[%emt 0:03:51]} 34. Kxg1 {[%emt 0:00:05]} Qxh3 {[%emt 0:00:05]} 35. Qg5 {[%emt 0:00:49]} Ng4 {[%emt 0:00:10]} 36. Qxg4 {[%emt 0:00:27]} Qxg4+ {[%emt 0:00:01]} 37. Kf1 {[%emt 0:00:01]} Qg2+ {[%emt 0:00:24]} 38. Ke1 {[%emt 0:00:04]} e3 {[%emt 0:00:10]} 0-1

[Event "AUT-ch 2018"]
[Site "Vienna"]
[Date "2018.07.28"]
[Round "8"]
[White "Knoll, Hermann"]
[Black "Frank, Emanuel"]
[Result "0-1"]
[WhiteElo "2338"]
[BlackElo "2161"]
[Annotator "NA"]
[PlyCount "174"]
[EventDate "2018.07.22"]
[EventType "swiss"]
[EventCountry "AUT"]
[SourceTitle "playchess.com"]
[Source "ChessBase"]
[SourceQuality "1"]
[TimeControl "40/5400+30:1800+30"]

1. d4 {[%emt 0:00:00]} d5 {[%emt 0:00:09]} 2. e3 {[%emt 0:00:00]} Nf6 {[%emt 0:00:29]} 3. f4 {[%emt 0:00:00]} Bf5 {[%emt 0:06:28]} 4. Nf3 {[%emt 0:00:17]} e6 {[%emt 0:01:33]} 5. Be2 {[%emt 0:01:22]} Be7 {[%emt 0:05:05]} 6. O-O {[%emt 0:00:35]} O-O {[%emt 0:03:46]} 7. Nh4 {[%emt 0:02:22]} c5 {[%emt 0:03:11]} 8. Nxf5 {[%emt 0:01:00]} exf5 {[%emt 0:00:11]} 9. c3 {[%emt 0:00:41]} Nc6 {[%emt 0:04:24]} 10. Nd2 {[%emt 0:00:19]} a6 {[%emt 0:03:21]} 11. Nf3 {[%emt 0:02:07]} b5 {[%emt 0:04:12]} 12. a3 {[%emt 0:00:18]} Qb6 {[%emt 0:02:47]} 13. dxc5 {[%emt 0:03:24]} Bxc5 {[%emt 0:01:57]} 14. Nd4 {[%emt 0:00:05]} g6 {[%emt 0:15:38]} 15. g4 fxg4 {[%emt 0:00:30]} 16. Bxg4 {[%emt 0:07:11]} Nxg4 {[%emt 0:00:54]} 17. Qxg4 {[%emt 0:00:03]} Bxd4 {[%emt 0:00:40]} 18. exd4 {[%emt 0:00:10]} f5 {[%emt 0:00:10]} 19. Qf3 {[%emt 0:00:07]} Qd8 {[%emt 0:03:15]} 20. Re1 {[%emt 0:01:58]} Qd7 {[%emt 0:01:00]} 21. Bd2 {[%emt 0:04:44]} Rfe8 {[%emt 0:05:54]} 22. Rxe8+ {[%emt 0:00:18]} Rxe8 {[%emt 0:00:03]} 23. h4 {[%emt 0:00:07]} Na5 {[%emt 0:09:24]} 24. Rf1 {[%emt 0:00:03]} Nc4 {[%emt 0:02:40]} 25. Bc1 {[%emt 0:00:03]} Qe6 {[%emt 0:01:02]} 26. h5 {[%emt 0:00:43]} Kg7 {[%emt 0:03:09]} 27. Kf2 {[%emt 0:01:42]} Nd6 {[%emt 0:02:22]} 28. Rh1 {[%emt 0:00:48]} Ne4+ {[%emt 0:00:39]} 29. Kg2 {[%emt 0:00:42]} Nf6 {[%emt 0:00:54]} 30. hxg6 {[%emt 0:00:11]} hxg6 {[%emt 0:01:06]} 31. Qd3 {[%emt 0:02:45]} Rh8 {[%emt 0:08:57]} 32. Rxh8 {[%emt 0:00:16]} Kxh8 {[%emt 0:00:03]} 33. Qe3 {[%emt 0:02:15]} Qe4+ {[%emt 0:01:38]} 34. Qxe4 {[%emt 0:00:15]} fxe4 {[%emt 0:00:47]} 35. Kg3 {[%emt 0:00:37]} Kg7 {[%emt 0:02:57]} 36. Kh4 {[%emt 0:02:17]} Nh7 {[%emt 0:03:11]} 37. Kg4 {[%emt 0:00:06]} Kf6 {[%emt 0:00:07]} 38. Be3 {[%emt 0:00:06]} Nf8 {[%emt 0:03:23]} 39. Bf2 {[%emt 0:00:03]} Nd7 {[%emt 0:01:21]} 40. Bh4+ {[%emt 0:00:11]} Ke6 {[%emt 0:30:30]} 41. Kg5 {[%emt 0:31:58]} Nf8 {[%emt 0:00:00]} 42. Bf2 {[%emt 0:00:00]} a5 {[%emt 0:00:00]} 43. Be3 {[%emt 0:00:00]} a4 {[%emt 0:00:00]} 44. Bf2 {[%emt 0:00:00]} Ke7 {[%emt 0:00:00]} 45. f5 {[%emt 0:00:00]} gxf5 {[%emt 0:00:00]} 46. Kxf5 {[%emt 0:00:00]} Kd6 {[%emt 0:00:00]} 47. Bg3+ {[%emt 0:00:00]} Kc6 {[%emt 0:00:00]} 48. Bf4 {[%emt 0:00:00]} Nd7 {[%emt 0:00:00]} 49. Bc1 {[%emt 0:00:00]} Nb6 {[%emt 0:00:00]} 50. Kf4 {[%emt 0:00:00]} Nc4 {[%emt 0:00:00]} 51. Kg3 {[%emt 0:00:00]} Kd6 {[%emt 0:00:00]} 52. Kh3 {[%emt 0:00:00]} Ke6 {[%emt 0:00:00]} 53. Kg4 {[%emt 0:00:00]} e3 {[%emt 0:00:00]} 54. Kf3 {[%emt 0:00:00]} Kf5 {[%emt 0:00:00]} 55. Bxe3 {[%emt 0:00:00]} Nxb2 {[%emt 0:00:00]} 56. Bh6 {[%emt 0:00:00]} Nd1 {[%emt 0:01:21]} 57. Bd2 {[%emt 0:00:00]} Nb2 {[%emt 0:03:06]} 58. Bh6 {[%emt 0:00:00]} Nc4 {[%emt 0:00:24]} 59. Bf8 {[%emt 0:00:00]} Nd2+ {[%emt 0:01:04]} 60. Ke3 {[%emt 0:00:00]} Ne4 {[%emt 0:00:03]} 61. Bb4 {[%emt 0:00:00]} Kg4 {[%emt 0:00:11]} 62. Ba5 {[%emt 0:00:00]} Nd6 {[%emt 0:00:57]} 63. Bb4 {[%emt 0:00:00]} Nc4+ {[%emt 0:00:04]} 64. Ke2 {[%emt 0:00:00]} Kf4 {[%emt 0:00:00]} 65. Bf8 {[%emt 0:00:00]} Ke4 {[%emt 0:00:00]} 66. Be7 {[%emt 0:00:00]} Nb2 {[%emt 0:00:59]} 67. Bg5 {[%emt 0:00:00]} Nc4 {[%emt 0:01:48]} 68. Be7 {[%emt 0:00:00]} Na5 {[%emt 0:01:26]} 69. Bd6 {[%emt 0:00:00]} Nc6 {[%emt 0:00:16]} 70. Bf8 {[%emt 0:00:00]} Nd8 {[%emt 0:00:32]} 71. Bh6 {[%emt 0:00:00]} Ne6 {[%emt 0:00:08]} 72. Bc1 {[%emt 0:00:00]} Ng7 {[%emt 0:00:59]} 73. Be3 {[%emt 0:00:00]} Nf5 {[%emt 0:00:30]} 74. Bf2 {[%emt 0:00:00]} Kf4 {[%emt 0:00:43]} 75. Be1 {[%emt 0:00:00]} Kg4 {[%emt 0:01:10]} 76. Bd2 {[%emt 0:00:00]} Ng3+ {[%emt 0:00:40]} 77. Kf2 {[%emt 0:00:00]} Ne4+ {[%emt 0:00:37]} 78. Ke2 {[%emt 0:00:00]} Kg3 {[%emt 0:00:42]} 79. Be1+ {[%emt 0:00:00]} Kg2 {[%emt 0:00:36]} 80. Kd3 {[%emt 0:00:00]} Kf1 {[%emt 0:00:53]} 81. Bh4 {[%emt 0:00:00]} Nd6 {[%emt 0:00:30]} 82. Be7 {[%emt 0:00:00]} Nc4 {[%emt 0:00:04]} 83. Bb4 {[%emt 0:00:00]} Ke1 {[%emt 0:00:09]} 84. Kc2 {[%emt 0:00:00]} Ke2 {[%emt 0:00:07]} 85. Bf8 {[%emt 0:00:00]} Ne3+ {[%emt 0:00:19]} 86. Kc1 {[%emt 0:00:00]} Kd3 {[%emt 0:00:31]} 87. Bb4 {[%emt 0:00:00]} Nc2 {[%emt 0:01:40]} 0-1

[Event "AUT-ch 2018"]
[Site "Vienna"]
[Date "2018.07.28"]
[Round "8"]
[White "Wallner, Joachim"]
[Black "Balinov, Ilia"]
[Result "1-0"]
[WhiteElo "2311"]
[BlackElo "2478"]
[Annotator "TA"]
[PlyCount "131"]
[EventDate "2018.07.22"]
[EventType "swiss"]
[EventCountry "AUT"]
[SourceTitle "playchess.com"]
[Source "ChessBase"]
[SourceQuality "1"]

{[%evp 26,131,29,0,0,0,0,0,0,0,8,8,29,16,29,14,22,20,30,27,47,29,16,13,61,61,61,61,61,61,83,81,79,86,135,135,135,135,135,135,135,123,135,135,135,123,135,135,135,135,135,123,123,119,108,72,135,134,135,135,135,134,129,129,134,134,134,134,134,134,134,134,134,134,134,134,134,134,134,134,134,108,108,108,108,107,107,37,37,22,22,5,12039,87,6444,707,5933,4111,2086,1657,29975,29976,29977,29978,29977,29979,29970,29970]} 1. Nf3 g6 2. d4 Bg7 3. g3 f5 4. Bg2 Nf6 5. O-O O-O 6. c4 d6 7. Nc3 Qe8 8. d5 Na6 9. Nd4 Bd7 10. e4 fxe4 11. Nxe4 Nxe4 12. Bxe4 c6 13. Be3 Nc7 {A87: Dutch Defence: Leningrad System: 5 Nf3} 14. Qd2 {LiveBook: 3 Games} (14. Rc1 c5 15. Ne2 a5 16. b3 b5 17. Nf4 bxc4 18. bxc4 Rb8 19. Qd3 Qf7 20. Rb1 Qf6 21. h4 {0-1 (39) Alekseev,E (2688)-Dzhumaev,M (2465) Tashkent 2011}) 14... c5 15. Ne2 b5 {The position is equal.} 16. Rac1 bxc4 17. Rxc4 Bb5 $146 ({Predecessor:} 17... a5 18. b3 Bb5 19. Rcc1 Qb8 20. Rfe1 a4 21. b4 Bxe2 22. Rxe2 cxb4 {½-½ (49) Schwarz,P-Bocksberger,S Germany 1988}) 18. Rc2 Bxe2 19. Qxe2 Nb5 20. h4 Nd4 21. Bxd4 $1 Bxd4 22. Kg2 a5 23. f4 {[%cal Bf2f4,Bf4g5,Bg5g6][%mdl 32]} (23. h5 $5) 23... Qf7 {[#]} 24. h5 $1 {[%mdl 512]} g5 (24... gxh5 25. Rh1) 25. fxg5 Qxf1+ 26. Qxf1 Rxf1 27. Kxf1 $14 {[%mdl 4096] Endgame KRB-KRB} Rb8 28. b3 Be3 29. g6 h6 30. Re2 Bg5 31. Bd3 Kg7 32. Re4 Rb4 33. Bc4 Bf6 34. Ke2 Be5 35. Kf3 Kf6 36. Kg4 Rb8 37. Re2 {Hoping for Rf2+.} Rf8 38. Bd3 Kg7 39. Bf5 Rb8 40. Be4 Rf8 ({Black should try} 40... Rb4) 41. Re3 $16 Rf2 42. Rf3 Rxf3 43. Kxf3 {KB-KB} Kf6 44. g4 Kg7 {[#]} 45. g5 $1 {[%mdl 512]} hxg5 46. Kg4 Bc3 47. Kxg5 Bf6+ 48. Kf5 Bh4 49. Ke6 Bf6 50. Bc2 Bg5 51. a4 Bf6 52. Kd7 Bg5 53. b4 cxb4 54. Bb3 Bf6 55. Kc6 Kh6 {[#]} 56. Kb5 (56. Bd1 $1 $16) 56... Kxh5 $14 57. Kxa5 {aiming for Bc2.} Kxg6 58. Kb5 Kf5 $2 {[%mdl 8192]} (58... Bc3 $11) 59. a5 $2 (59. Kxb4 $18 Ke4 60. a5) 59... Ke4 $2 {[%mdl 8192]} (59... Bc3 $16) 60. a6 $18 Bd4 61. Kxb4 Ba7 62. Kb5 Kd4 63. Kc6 {White mates.} Kc3 64. Bd1 Kd4 65. Bg4 Bc5 66. Be6 {Precision: White = 70%, Black = 47%.} 1-0

[Event "AUT-ch 2018"]
[Site "Vienna"]
[Date "2018.07.28"]
[Round "8"]
[White "Schroll, Gerhard"]
[Black "Newrkla, Katharina"]
[Result "1-0"]
[WhiteElo "2295"]
[BlackElo "2175"]
[Annotator "NA"]
[PlyCount "77"]
[EventDate "2018.07.22"]
[EventType "swiss"]
[EventCountry "AUT"]
[SourceTitle "playchess.com"]
[Source "ChessBase"]
[SourceQuality "1"]
[TimeControl "40/5400+30:1800+30"]

1. b3 {[%emt 0:00:00]} e5 {[%emt 0:00:10]} 2. Bb2 {[%emt 0:01:16]} Nc6 {[%emt 0:00:05]} 3. e3 {[%emt 0:00:27]} Nf6 {[%emt 0:00:20]} 4. g3 {[%emt 0:00:46]} d5 {[%emt 0:01:05]} 5. Bg2 {[%emt 0:00:14]} Bg4 {[%emt 0:04:23]} 6. Ne2 {[%emt 0:02:27]} Qd7 {[%emt 0:00:28]} 7. h3 {[%emt 0:00:38]} Bf5 {[%emt 0:03:42]} 8. d3 {[%emt 0:08:43]} h5 {[%emt 0:05:35]} 9. Nd2 {[%emt 0:00:24]} O-O-O {[%emt 0:09:47]} 10. a3 {[%emt 0:01:35]} Be7 {[%emt 0:14:23]} 11. b4 {[%emt 0:00:34]} e4 {[%emt 0:02:09]} 12. d4 {[%emt 0:05:35]} h4 {[%emt 0:19:09]} 13. g4 {[%emt 0:00:54]} Be6 {[%emt 0:00:08]} 14. Nb3 {[%emt 0:03:13]} b6 {[%emt 0:05:32]} 15. Nf4 {[%emt 0:07:47]} Nh7 {[%emt 0:01:03]} 16. Qe2 {[%emt 0:03:53]} Nb8 {[%emt 0:02:45]} 17. c4 {[%emt 0:05:35]} Ng5 {[%emt 0:08:08]} 18. Nd2 {[%emt 0:09:21]} dxc4 {[%emt 0:12:29]} 19. Nxe4 {[%emt 0:13:18]} f5 {[%emt 0:04:40]} 20. Nxg5 {[%emt 0:03:22]} Bxg5 {[%emt 0:00:01]} 21. Qf3 {[%emt 0:00:21]} c6 {[%emt 0:02:30]} 22. Nxe6 {[%emt 0:01:27]} Qxe6 {[%emt 0:00:05]} 23. Qxf5 {[%emt 0:01:33]} Qxf5 {[%emt 0:00:07]} 24. gxf5 {[%emt 0:00:04]} Rhf8 {[%emt 0:01:35]} 25. Be4 {[%emt 0:02:09]} Rfe8 {[%emt 0:00:42]} 26. Bc2 {[%emt 0:01:28]} Nd7 {[%emt 0:00:55]} 27. Rg1 {[%emt 0:04:18]} Bf6 {[%emt 0:00:35]} 28. O-O-O {[%emt 0:00:52]} c5 {[%emt 0:00:50]} 29. Ba4 {[%emt 0:07:27]} cxb4 {[%emt 0:00:28]} 30. axb4 {[%emt 0:00:13]} a6 {[%emt 0:00:09]} 31. b5 {[%emt 0:01:34]} a5 {[%emt 0:00:35]} 32. Bc2 {[%emt 0:01:06]} Nf8 {[%emt 0:01:10]} 33. e4 {[%emt 0:00:51]} Rd7 {[%emt 0:00:32]} 34. e5 {[%emt 0:00:35]} Bd8 {[%emt 0:00:04]} 35. Be4 {[%emt 0:00:48]} Rc7 {[%emt 0:00:43]} 36. Bc6 {[%emt 0:00:49]} Ree7 {[%emt 0:00:07]} 37. d5 {[%emt 0:02:17]} Rf7 {[%emt 0:00:12]} 38. d6 {[%emt 0:00:06]} Ra7 {[%emt 0:00:09]} 39. Be4 {[%emt 0:02:04]} 1-0

[Event "AUT-ch 2018"]
[Site "Vienna"]
[Date "2018.07.28"]
[Round "8"]
[White "Kummer, Helmut"]
[Black "Blohberger, Felix"]
[Result "1/2-1/2"]
[WhiteElo "2290"]
[BlackElo "2420"]
[Annotator "NA"]
[PlyCount "99"]
[EventDate "2018.07.22"]
[EventType "swiss"]
[EventCountry "AUT"]
[SourceTitle "playchess.com"]
[Source "ChessBase"]
[SourceQuality "1"]
[TimeControl "40/5400+30:1800+30"]

1. d4 {[%emt 0:00:00]} Nf6 {[%emt 0:00:07]} 2. c4 {[%emt 0:00:00]} e6 {[%emt 0:00:04]} 3. Nf3 {[%emt 0:01:06]} Bb4+ {[%emt 0:00:33]} 4. Bd2 {[%emt 0:00:17]} a5 {[%emt 0:00:05]} 5. g3 {[%emt 0:00:44]} b6 {[%emt 0:00:31]} 6. Bg2 {[%emt 0:00:46]} Bb7 {[%emt 0:00:06]} 7. O-O {[%emt 0:00:35]} O-O {[%emt 0:00:24]} 8. Nc3 {[%emt 0:03:50]} d6 {[%emt 0:02:23]} 9. b3 {[%emt 0:06:14]} Nbd7 {[%emt 0:00:30]} 10. a3 {[%emt 0:00:09]} Bxc3 {[%emt 0:00:05]} 11. Bxc3 {[%emt 0:00:06]} a4 {[%emt 0:09:34]} 12. b4 {[%emt 0:01:26]} b5 {[%emt 0:00:06]} 13. cxb5 {[%emt 0:03:58]} Nb6 {[%emt 0:05:21]} 14. Re1 {[%emt 0:02:20]} Qe8 {[%emt 0:01:41]} 15. Bf1 {[%emt 0:02:38]} Ne4 {[%emt 0:09:22]} 16. Qd3 {[%emt 0:02:02]} f5 {[%emt 0:01:12]} 17. Nd2 {[%emt 0:10:17]} Rb8 {[%emt 0:33:08]} 18. Bg2 {[%emt 0:01:06]} Nxd2 {[%emt 0:05:06]} 19. Bxd2 {[%emt 0:00:30]} Bxg2 {[%emt 0:00:40]} 20. Kxg2 {[%emt 0:00:04]} Nd5 {[%emt 0:02:06]} 21. f3 {[%emt 0:00:35]} Rxb5 {[%emt 0:03:24]} 22. e4 {[%emt 0:01:37]} fxe4 {[%emt 0:01:04]} 23. Rxe4 {[%emt 0:06:17]} Rb8 {[%emt 0:08:14]} 24. Rae1 {[%emt 0:00:10]} Rf6 {[%emt 0:03:17]} 25. Qe2 {[%emt 0:01:03]} Qg6 {[%emt 0:06:03]} 26. Rxe6 {[%emt 0:03:57]} Rxe6 {[%emt 0:00:03]} 27. Qxe6+ {[%emt 0:00:06]} Qxe6 {[%emt 0:00:03]} 28. Rxe6 {[%emt 0:00:06]} Kf7 {[%emt 0:01:47]} 29. Re4 {[%emt 0:02:35]} Rb6 {[%emt 0:00:42]} 30. Re1 {[%emt 0:01:43]} c5 {[%emt 0:06:53]} 31. dxc5 {[%emt 0:05:58]} dxc5 {[%emt 0:00:06]} 32. Ra1 {[%emt 0:13:13]} Ke6 {[%emt 0:01:12]} 33. Kf2 {[%emt 0:00:29]} cxb4 {[%emt 0:00:33]} 34. axb4 {[%emt 0:00:05]} Nxb4 {[%emt 0:00:30]} 35. Rxa4 {[%emt 0:00:07]} Nd3+ {[%emt 0:00:29]} 36. Ke2 {[%emt 0:00:18]} Nc5 {[%emt 0:00:22]} 37. Rh4 {[%emt 0:00:45]} h6 {[%emt 0:00:34]} 38. Bxh6 {[%emt 0:09:31]} Rb2+ {[%emt 0:00:05]} 39. Ke3 {[%emt 0:00:09]} gxh6 {[%emt 0:00:04]} 40. Rxh6+ {[%emt 0:00:05]} Kf7 {[%emt 0:30:04]} 41. f4 {[%emt 0:31:22]} Nd7 {[%emt 0:00:00]} 42. Rh7+ {[%emt 0:00:00]} Ke6 {[%emt 0:00:00]} 43. g4 {[%emt 0:00:00]} Nf6 {[%emt 0:00:00]} 44. f5+ {[%emt 0:00:00]} Kd5 {[%emt 0:00:00]} 45. Rg7 {[%emt 0:00:00]} Rxh2 {[%emt 0:00:00]} 46. g5 {[%emt 0:00:00]} Rh3+ {[%emt 0:00:00]} 47. Kf4 {[%emt 0:00:00]} Nh5+ {[%emt 0:00:00]} 48. Kg4 {[%emt 0:00:00]} Nxg7 {[%emt 0:00:00]} 49. Kxh3 {[%emt 0:00:00]} Nxf5 {[%emt 0:00:00]} 50. g6 {[%emt 0:00:00]} 1/2-1/2

[Event "AUT-ch 2018"]
[Site "Vienna"]
[Date "2018.07.28"]
[Round "8"]
[White "Neumeier, Klaus"]
[Black "Schloffer, Jasmin-Denise"]
[Result "1-0"]
[WhiteElo "2284"]
[BlackElo "2102"]
[Annotator "NA"]
[PlyCount "57"]
[EventDate "2018.07.22"]
[EventType "swiss"]
[EventCountry "AUT"]
[SourceTitle "playchess.com"]
[Source "ChessBase"]
[SourceQuality "1"]
[TimeControl "40/5400+30:1800+30"]

1. c4 {[%emt 0:00:00]} c5 {[%emt 0:00:04]} 2. Nc3 {[%emt 0:00:00]} Nc6 {[%emt 0:00:14]} 3. g3 {[%emt 0:00:28]} g6 {[%emt 0:00:06]} 4. Bg2 {[%emt 0:00:14]} Bg7 {[%emt 0:00:06]} 5. e3 {[%emt 0:02:57]} d6 {[%emt 0:00:54]} 6. Nge2 {[%emt 0:00:28]} Bd7 {[%emt 0:00:06]} 7. O-O {[%emt 0:01:28]} Qc8 {[%emt 0:00:09]} 8. d4 {[%emt 0:06:56]} Bh3 {[%emt 0:01:56]} 9. d5 {[%emt 0:13:35]} Ne5 {[%emt 0:00:17]} 10. f4 {[%emt 0:01:01]} Bxg2 {[%emt 0:02:21]} 11. Kxg2 {[%emt 0:00:05]} Nxc4 {[%emt 0:02:44]} 12. Qa4+ {[%emt 0:00:23]} Qd7 {[%emt 0:00:21]} 13. Qxc4 {[%emt 0:00:06]} O-O-O {[%emt 0:00:24]} 14. b4 {[%emt 0:05:30]} b6 {[%emt 0:00:20]} 15. a4 {[%emt 0:00:42]} h5 {[%emt 0:01:09]} 16. bxc5 {[%emt 0:05:25]} dxc5 {[%emt 0:00:11]} 17. a5 {[%emt 0:00:15]} h4 {[%emt 0:02:21]} 18. axb6 {[%emt 0:00:19]} hxg3 {[%emt 0:00:10]} 19. Qxc5+ {[%emt 0:07:07]} Kb8 {[%emt 0:00:06]} 20. Qc7+ {[%emt 0:01:20]} Qxc7 {[%emt 0:01:22]} 21. bxc7+ {[%emt 0:00:05]} Kxc7 {[%emt 0:00:05]} 22. hxg3 {[%emt 0:00:11]} Kb7 {[%emt 0:00:45]} 23. e4 {[%emt 0:00:40]} Nf6 {[%emt 0:00:21]} 24. Be3 {[%emt 0:00:12]} Ra8 {[%emt 0:02:37]} 25. Rfb1+ {[%emt 0:01:30]} Kc7 {[%emt 0:00:09]} 26. Bd4 {[%emt 0:10:32]} Rh7 {[%emt 0:03:16]} 27. Be5+ {[%emt 0:06:35]} Kc8 {[%emt 0:01:00]} 28. Nd4 {[%emt 0:07:59]} Rh8 {[%emt 0:03:27]} 29. Nc6 {[%emt 0:01:00]} 1-0